Normal view
MARC view
Entry Topical Term
001 - CONTROL NUMBER
- control field: 1234065
003 - CONTROL NUMBER IDENTIFIER
- control field: OSt
005 - DATE AND TIME OF LATEST TRANSACTION
- control field: 20260402122621.0
008 - FIXED-LENGTH DATA ELEMENTS
- fixed length control field: 260402|| aca||aabn | a|a d
040 ## - CATALOGING SOURCE
- Original cataloging agency: OSt
- Transcribing agency: OSt
150 ## - HEADING--TOPICAL TERM
- Topical term or geographic name entry element: सरकार
670 ## - SOURCE DATA FOUND
- Source citation: Work cat.: (OSt)1474528: पाण्डे, जय नारायण 875755, आध्यात्मिक समाजवाद व विश्व सरकार: , 2022.
